| 000 | 00345nam a2200121 a 4500 | ||
|---|---|---|---|
| 001 | 000032536 | ||
| 005 | 20200930065707.0 | ||
| 008 | 110719s1997 000 spa d | ||
| 020 | _a8477824428 | ||
| 245 | 0 |
_aLa aventura del Guadalupe. : _bsu viaje a La Española y su hundimiento en la Bahía de Samaná. |
|
| 260 | _c1997. | ||
| 999 |
_c32027 _d32027 |
||
| 040 | _aDO-SdBNP | ||